000 00272nam a22001217a 4500
008 170313b xxu||||| |||| 00| 0 eng d
041 _aeng
080 _25TH
_a591
100 _a7
101 _aSHM
245 _aTHE MERCK VETERINARY MANUAL
_cSIEGMUND, O.H
942 _2udc
_cBK
999 _c7705
_d7705